| 000 | 00812nam a2200301 i 4500 | ||
|---|---|---|---|
| 001 | bgj | ||
| 100 | 1 |
_aHARDY, Thomas _d(1840-1928). |
|
| 245 | 1 | 0 |
_aThe Return of the Native / _cThomas Hardy. |
| 250 | _aPenguin/Godfrey Cave Edition. | ||
| 260 |
_aLondon [etc.] : _bPenguin Books, _c1994. |
||
| 300 |
_aIX, 482 pp ; _c18 cm. |
||
| 490 | 1 | _aPenguin Popular Classics | |
| 650 | 9 | _aPeople with visual disabilities | |
| 650 | 9 | _aMothers and sons | |
| 650 | 9 | _aMate selection | |
| 650 | 9 | _aHeathlands | |
| 650 | 9 | _aAdultery | |
| 650 | 9 | _aDidactic fiction | |
| 650 | 9 | _aLove stories | |
| 655 | _aFiction | ||
| 830 | _aPenguin Popular Classics | ||
| 020 | _a0140620559 | ||
| 040 | _cBPK | ||
| 041 | 0 | _aeng | |
| 920 | _a0-14-062055-9 | ||
| 942 | _cKS | ||
| 008 | s uk f |000 0 eng | ||
| 999 |
_c47779 _d47779 |
||
| 856 |
_uhttp://koha.tu.koszalin.pl/cgi-bin/koha/opac-detail.pl?biblionumber=47779 _yKatalog online BPK |
||